00613cam a2200217 i 45000010008000000030007000080050017000150080041000320200038000730400022001110420009001330840016001421000014001582450063001722500011002352600040002463000040002864900019003266500025003456500025003701145985YEEZEN20250729150840.0250221s2025 ch a g 000 0 chi d a9786264192033q(平裝) :cNT$420 aPTTCLbchicPTTCL anbic a7192ncsclt1 a沈昌賢10a還好, 我帶媽媽去看了世界 /c沈昌賢(Vocal)著 a初版 a臺北市 :b時報文化,c2025.02 a254, [1] 面 :b彩圖 ;c21 公分0 aAcross ;v083. 7a旅遊文學2lcstt. 7a世界地理2lcstt.